Dangerous climate (Record no. 31033)

MARC details
000 -LEADER
fixed length control field 00256nam a2200109Ia 4500
082 ## - DEWEY DECIMAL CLASSIFICATION NUMBER
Classification number 82-3
Item number GAI
100 ## - MAIN ENTRY--AUTHOR NAME
Personal name Gaines, Diana
245 #0 - TITLE STATEMENT
Title Dangerous climate
260 ## - PUBLICATION, DISTRIBUTION, ETC. (IMPRINT)
Place of publication New York
Name of publisher Bantam
Year of publication 1960
942 ## - ADDED ENTRY ELEMENTS (KOHA)
Koha item type Books
Holdings
Withdrawn status Lost status Damaged status Not for loan Home library Current library Date acquired Full call number Accession Number Koha item type
        RRII Library RRII Library 16/12/2021 82-3 GAI 11588 Books